000 00593nam a2200193 i 4500
001 95239
003 ES-MaACL
005 20231223063054.0
007 t|
008 050525s1918 sp ||||1| spa d
100 1 _aLuzuriaga, Lorenzo,
_d1889-1959
_974917
245 1 3 _aLa preparación de los maestros /
_cLorenzo Luzuriaga.
260 _aMadrid :
_bJ. Cosano,
_c1918.
300 _a148 p. ;
_c22 cm.
500 _aPrecede al tít.: Museo Pedagógico Nacional.
710 2 _aMuseo Pedagógico Nacional (España)
_95912
852 _aES-MaACL
_j1524-F-9
999 _c95239
_d95239